Szczegóły MARC21

Deutsche Geschichte : von den Anfängen bis zur Gegenwart. B. 1, Von der Germanen bis zu Napoleon /

003 -Nazwa inst., której nr kontr. jest w polu 001 [,]
    • @
    • Nazwa instytucji, której n kontrolny jest w polu 001
    • NUKAT
005 -DATA I CZAS OSTATNIEJ MODYFIKACJI [,]
    • @
    • pole kontrolne
    • 20241231105323.0
020 -Międzynarod. znormalizowany nr książki - ISBN [ , ]
    • a
    • Numer ISBN
    • 3893500618 Find
    • q
    • Dopowiedzenie
    • Bd. 1
020 -Międzynarod. znormalizowany nr książki - ISBN [ , ]
    • a
    • Numer ISBN
    • 3893500626 Find
    • q
    • Dopowiedzenie
    • Bd. 2
040 -Instytucja sporządzająca opis [ , ]
    • a
    • Instytucja, która sporządziła opis (NP)
    • SZCZ U/JS
    • b
    • Język katalogowania
    • pol
    • e
    • Zasady katalogowania
    • rda
    • c
    • Instytucja, która sporządziła rekord (NP)
    • SZCZ U/JSs
942 -Rodzaj dokumentu [ , ]
    • c
    • Rodzaj dokumentu
    • Książka
100 -Hasło główne - nazwa osobowa [1, ]
    • a
    • Nazwa osobowa (NP)
    • Treue, Wilhelm
    • d
    • Daty biograficzne (NP)
    • (1909-1992).
    • e
    • Rodzaj współpracy
    • Autor
    • 9
    • KHW
    • 447255
245 -Strefa tytułu i oznaczenia odpowiedzialności [1,0]
    • a
    • Tytuł
    • Deutsche Geschichte : Find
    • b
    • Ciąg dalszy tytułu (NP)
    • von den Anfängen bis zur Gegenwart. Find
    • n
    • Oznaczenie części (P)
    • B. 1,
    • p
    • Nazwa części (P)
    • Von der Germanen bis zu Napoleon /
    • c
    • Pozostałe elementy strefy tytułu i oznaczenia odpowiedzialności (NP)
    • von Wilhelm Treue.
250 -Strefa wydania [ , ]
    • a
    • Oznaczenie wydania (NP)
    • Sechste, durchgesehene und erweiterte Auflage.
260 -Strefa adresu wydawniczego [ , ]
    • a
    • Miejsce wydania (P)
    • Augsburg :
    • b
    • Nazwa wydawcy (P)
    • Weltbild Verlag,
    • c
    • Data wydania (P)
    • 1990.
300 -Strefa opisu fizycznego [ , ]
    • a
    • Określenie formy książki i/lub objętość (NP)
    • [6], 560 stron ;
    • c
    • Format (NP)
    • 19 cm.
336 -Typ zawartości [ , ]
    • a
    • Termin opisujący typ zawartości
    • Tekst
    • b
    • Kod określający zawartość
    • txt
    • 2
    • Źródło (terminu i kodu)
    • rdacontent
337 -Typ mediów [ , ]
    • a
    • Tryb odtwarzania
    • Bez urządzenia pośredniczącego
    • b
    • Kod typu mediów
    • n
    • 2
    • Źródło (terminu i kodu)
    • rdamedia
338 -Typ/rodzaj nośnika [ , ]
    • a
    • Hasło opisujące typ nośnika
    • Wolumin
    • b
    • Kod typu nośnika
    • nc
    • 2
    • Źródło (terminu i kodu)
    • rdacarrier
651 -Hasło przedmiotowe w formie nazwy geograficznej [ ,7]
    • a
    • Nazwa geograficzna
    • Niemcy
    • x
    • Określnik rzeczowy
    • historia.
    • 2
    • Źródło terminu
    • kaba
    • 9
    • KHW
    • 121153
710 -Hasło dodatkowe - nazwa ciała zbiorowego [2, ]
    • a
    • Nazwa ciała zbiorowego lub nazwa geograficzna jako pierwszy element (NP)
    • Weltbild Verlag.
    • e
    • Rodzaj współpracy
    • Wydawca
    • 4
    • Kod relacji
    • pbl
    • 9
    • KHW
    • 602511
920 -ISBN [ , ]
    • a
    • ISBN
    • 3-89350-061-8 Find
    • q
    • Dopowiedzenie
    • Bd. 1
920 -ISBN [ , ]
    • a
    • ISBN
    • 3-89350-062-6 Find
    • q
    • Dopowiedzenie
    • Bd. 2
Numer inwentarzowy Data inwentaryzacji Lokalizacja Sygnatura Status udost.
G.120131996-09-12BMGERM. Historia Niemiec 251